00603 2200205 4500001002100000005001500021035002000036007000300056008004100059020002200100082001000122084001600132100002200148245007400170260004700244300001600291650005300307856002100360990001600381INLIS00000000000798420251220114146 a0010-1225000333ta251220 0 ind  a978-602-73213-5-9 a618.2 a618.2 PD s0 aPD IBI JAWA BARAT1 aStandar operasional prosedur pelayanan kebidanan /cPD IBI JAWA BARAT aJawa barat :bISLAMPOS GLOBAL MEDIA,c2023 a228 ;c21cm 4aStandar operasional prosedur pelayanan kebidanan aAlumni Kebidanan a00000013483